| 000 | 01060nam0a22002291 4500 | ||
|---|---|---|---|
| 001 | rc\2798983 | ||
| 005 | 20260407170803.0 | ||
| 035 | _a(NLR Aleph) 006925015 | ||
| 090 |
_a7487618 _c7487618 |
||
| 100 | _a20110915d1936 |||y0rusy50 ca | ||
| 101 | 0 | _arus | |
| 102 | _aRU | ||
| 105 | _ay z ||||| | ||
| 200 | 1 | _aРезолюция Второго краевого совещания рабочих контролеров и общественных инспекторов Северо-Кавказского края 16-18 мая 1936 г. | |
| 210 |
_aПятигорск _cСевкавведиздат _d1936 _gтип. им. Анджиевского |
||
| 215 |
_aОбл., 8 с., без тит. л. _d14х10 см. |
||
| 710 | 1 | 2 |
_aСеверо-Кавказское краевое совещание рабочих-контролеров и общественных инспекторов _d2 _f1936 _eПятигорск _3RU\NLR\AUTH\8810106853 _9713899 |
| 801 | 0 |
_aRU _bNLR _gpsbo |
|
| 801 | 1 |
_aRU _bELAR _2rusmarc |
|
| 852 |
_aNLR _j36-8/906 |
||
| 942 | _cBOOK | ||
| 980 | _aNB | ||